000
00332nam a2200133Ia 4500
008
240624s9999 xx 000 0 und d
041
_a
eng
082
_a
658.404 BAZ
100
_a
BAZELEY PAT
245
_a
NVIVO QUALITATIVE PROJECT BOOK
260
_c
2007
_a
London
_b
Sage
300
_a
iv, : 199 : p. : cm. ; 24
365
_c
GBP
_b
38
999
_c
24338
_d
24338